Obsolete Occupations Quiz Stats

 Plays Quiz Updated Feb 24, 2018

Score 0/25 Timer 05:00
0 Plays Today
% Correct
Soda Jerk
89.1%
Alchemist
88.9%
Dog Whipper
86.7%
Whipping Boy
85.7%
Town Crier
84.3%
Scullery Maid
83.7%
Nursemaid
83.6%
Lamp Trimmer
82.9%
Peddler
81.3%
Fendersmith
80.4%
Donkey Puncher
78.7%
Cup-Bearer
72.8%
Baby Farmer
69.2%
% Correct
Ragpicker
62.8%
Mule Scavenger
60.6%
Uinyeo
58.6%
Taffeltäckare
57.8%
Footman
54.7%
Khapper
40.2%
Hurrier
33.3%
Portreeve
32.9%
Drysalter
26.3%
Vivandière
23.7%
Gong Farmer
13.3%
Mud Clerk
11.4%

You're not logged in!

Compare scores with friends on all Sporcle quizzes.
OR
Log In

Sporcle TV

Today on Sporcle TV


Watch our educational content, quiz creation guides, and fun videos on Sporcle TV.

Show Comments

Extras

Top Quizzes Today


Score Distribution

Your Account Isn't Verified!

In order to create a playlist on Sporcle, you need to verify the email address you used during registration. Go to your Sporcle Settings to finish the process.

Report this User

Report this user for behavior that violates our Community Guidelines.

Details: